| 000 | 00523nam a2200181Ia 4500 | ||
|---|---|---|---|
| 008 | 191130s1999##################000#0#eng## | ||
| 020 | _a040692189x | ||
| 040 |
_aACL _cACL |
||
| 082 | _a348.4204 VAN | ||
| 245 |
_aThe all England law reports 1999 _cedited by Caroline vandridge-Ames LLM |
||
| 260 |
_aLondon _bButterworth & Co _c1999 |
||
| 300 | _a1024 p.; 23 cm. | ||
| 650 | _aLaw- Reports | ||
| 700 | _aVandridge Ames, Caroline | ||
| 990 | _a311b7468ac10000c77879bdecaf0163e | ||
| 991 | _a403663 | ||
| 999 |
_c300797 _d300797 |
||